00329nam a2200109Ia 4500008004100000082000800041100002100049245003300070942000600103952009500109999001500204240331s9999 xx 000 0 und d bSAN aSandrasegaran, S 0aKalvi valarchi chinthanaigal cL 001040708LaWERCLbWERCLcSSCd2024-03-31l0o 370 SANp4517r2024-03-31w2024-03-31yL c3599d3599